000 00701nam a2200289Ia 4500
005 20260324141853.0
008 008 260324s9999 xx 000 0 eng d
020 _a9781315245010
037 _aEBOOK
040 _aCRL
040 _beng
040 _cCRL
041 _2eng
041 _aeng
084 _qCRL
100 _aBeat Kümin
_91177980
245 0 _aReformations Old and New
245 4 _bThe Socio-Economic Impact of Religious Change, c.1470–1630
260 _bTaylor and Francis
260 _c1996
365 _a
365 _b230
856 _uhttp://www.taylorfrancis.com/books/9781315245010
942 _cEBOOK
999 _c1813367
_d1813367